=LDR 00000nam 2200000 4500 =001 INLIS000000000011387 =005 20130612102945 =008 ***********************************Ind** =035 ##$$0010-061300000011387 =041 ##$$a Ind =082 ##$$a 959.819 =090 ##$$a 959.819, Agu k =100 ##$$a Agung,Ide Anak Agung Gde =245 ##$$a Kenagan masa lampau, Dr.Mr.Ide Anak Agunng Gde Agung =260 ##$$a 1993 $b Jakarta =300 ##$$a VIII,236 hlm., 21 cm =650 ##$$a Sejarah Bali =850 ##$$a NBPNMAT